| 000 | 00647nam a2200181 i 4500 | ||
|---|---|---|---|
| 001 | 180917 | ||
| 003 | ES-MaACL | ||
| 005 | 20230906221221.0 | ||
| 008 | 120828s1981 sp |||| | spa d | ||
| 080 | _a946.811 Gines | ||
| 100 | 1 |
_aHerrera García, Antonio. _963220 |
|
| 245 | 1 | 3 |
_aEl señorío de la villa de Ginés y algunos conflictos con sus vasallos _b: apuntes de historia narrativa / _cpor Antonio Herrera García. |
| 260 | 0 |
_a[S.l.] : _bs.n., _c[1981?] |
|
| 300 |
_a[4] p. ; _c33 cm. |
||
| 594 | _aPrecede al tít: Premio regional "Abgena" de narrativa 1981. | ||
| 650 | 4 |
_aSeñoríos- _zGines. _9151364 |
|
| 852 |
_aES-MaACL _j2124-F-24 |
||
| 999 |
_c180917 _d180917 |
||